[Event "Joao Pessoa op"]
[Site "Joao Pessoa"]
[Date "2023.03.22"]
[Round "3"]
[White "Caio, Francisco Ferreira"]
[Black "Barbosa, Laura Sophia Gomes"]
[Result "1-0"]
[WhiteElo "1616"]
[BlackElo "1222"]
[PlyCount "83"]
[EventDate "2023.03.17"]
[EventType "swiss"]
[EventRounds "6"]
[EventCountry "BRA"]
[SourceTitle "EXT 2024"]
[Source "ChessBase"]
[SourceDate "2023.10.10"]
[SourceVersion "1"]
[SourceVersionDate "2023.10.10"]
[SourceQuality "1"]

1. Nf3 e6 2. c4 d5 3. cxd5 exd5 4. d4 c6 5. Nc3 Nf6 6. e3 Bd6 7. Bd3 0-0 8. h3 Re8 9. 0-0 Ne4 10. Nd2 Bf5 11. Ndxe4 Bxe4 12. Nxe4 dxe4 13. Bc4 Nd7 14. Qb3 Re7 15. Qxb7 Qc8 16. Ba6 Nb6 17. Qxc8+ Nxc8 18. Bd2 Re6 19. Rac1 Ne7 20. Rc2 Rd8 21. Ba5 Rd7 22. Be2 f5 23. Rfc1 Bc7 24. Bxc7 Rxc7 25. Bc4 Kf7 26. Bxe6+ Kxe6 27. a3 Kd6 28. b4 Nd5 29. Rc5 g6 30. Rxd5+ cxd5 31. Rxc7 Kxc7 32. a4 h5 33. h4 Kd6 34. Kf1 a6 35. Ke1 Kc6 36. Kd2 Kb6 37. Kc3 Kc6 38. Kb3 Kb6 39. a5+ Kc6 40. Ka4 Kb7 41. b5 axb5+ 42. Kxb5 1-0

[Event "BRA-ch 88th"]
[Site "Recife"]
[Date "2022.12.22"]
[Round "10"]
[White "Caio, Francisco Ferreira"]
[Black "Menezes, Kenio de Salles"]
[Result "1-0"]
[WhiteElo "1634"]
[BlackElo "1800"]
[PlyCount "77"]
[EventDate "2022.12.15"]
[EventType "swiss"]
[EventRounds "11"]
[EventCountry "BRA"]
[SourceTitle "CBM 212 Extra"]
[Source "ChessBase"]
[SourceDate "2023.03.31"]
[SourceVersion "1"]
[SourceVersionDate "2023.03.31"]
[SourceQuality "1"]

1. c4 g6 2. g3 Bg7 3. Bg2 Nf6 4. Nf3 0-0 5. 0-0 Re8 6. d4 c6 7. Nc3 d5 8. Ne5 Be6 9. c5 Nbd7 10. f4 Nxe5 11. fxe5 Nd7 12. e4 b6 13. exd5 cxd5 14. c6 Nb8 15. c7 Qxc7 16. Nxd5 Bxd5 17. Bxd5 e6 18. Bxa8 Nc6 19. Bxc6 Qxc6 20. Qf3 Qc7 21. Be3 Rf8 22. Rac1 Qe7 23. Qc6 Qb4 24. Qc3 Qe7 25. Rc2 h5 26. Qd3 Rd8 27. Qe4 Qb4 28. Qf3 Qe7 29. Rfc1 Rf8 30. Rc7 Qb4 31. Qe2 Kh7 32. Qd2 Qa4 33. b3 Qb5 34. Rxa7 Qd5 35. Rcc7 Kg8 36. Qc2 Qf3 37. Qf2 Qd1+ 38. Kg2 Qg4 39. Qf3 1-0

[Event "BRA-ch Seniors 65"]
[Site "Joao Pessoa"]
[Date "2022.08.19"]
[Round "1"]
[White "Carvalho, Celestino Jr"]
[Black "Caio, Francisco Ferreira"]
[Result "1-0"]
[WhiteElo "1903"]
[BlackElo "1632"]
[PlyCount "55"]
[EventDate "2022.08.19"]
[EventType "swiss"]
[EventRounds "5"]
[EventCountry "BRA"]
[SourceTitle "CBM 210 Extra"]
[Source "ChessBase"]
[SourceDate "2022.11.30"]
[SourceVersion "1"]
[SourceVersionDate "2022.11.30"]
[SourceQuality "1"]

1. Nf3 Nf6 2. g3 Nc6 3. Bg2 d5 4. d3 e6 5. 0-0 Be7 6. Nbd2 0-0 7. e4 dxe4 8. dxe4 e5 9. h3 h6 10. c3 Be6 11. Qe2 Qc8 12. Kh2 Nd7 13. Nc4 b5 14. Ne3 Rb8 15. Rd1 Bc5 16. Nh4 Ne7 17. Nef5 Nxf5 18. exf5 Bc4 19. Qd2 Nf6 20. b3 Bd6 21. bxc4 bxc4 22. Qe2 Qa6 23. Be3 e4 24. Bd4 Ba3 25. Rab1 c5 26. Bxf6 Qxf6 27. Qxc4 Kh7 28. Bxe4 1-0

[Event "Joao Pessoa Fischer Memorial 11th"]
[Site "Joao Pessoa"]
[Date "2022.05.06"]
[Round "1"]
[White "Deste, Dayan Kuhn"]
[Black "Caio, Francisco Ferreira"]
[Result "1-0"]
[WhiteElo "1977"]
[BlackElo "1615"]
[PlyCount "99"]
[EventDate "2022.05.06"]
[EventType "swiss"]
[EventRounds "6"]
[EventCountry "BRA"]
[SourceTitle "EXT 2023"]
[Source "ChessBase"]
[SourceDate "2022.10.05"]
[SourceVersion "1"]
[SourceVersionDate "2022.10.05"]
[SourceQuality "1"]

1. e4 c6 2. d4 d5 3. Nc3 dxe4 4. Nxe4 Bf5 5. Ng3 Bg6 6. Nf3 Nf6 7. Bd3 Bxd3 8. Qxd3 e6 9. Bd2 Qc7 10. Ne4 Nbd7 11. h3 0-0-0 12. 0-0-0 Nc5 13. Nxc5 Bxc5 14. Qc4 Bd6 15. Rhe1 Bf4 16. g3 Bxd2+ 17. Rxd2 Rd5 18. Re5 Rhd8 19. Rde2 h6 20. Rxd5 Rxd5 21. Re5 Rd6 22. c3 Nd7 23. Rh5 Nf6 24. Re5 Nd7 25. Re3 Rd5 26. Qa4 Ra5 27. Qb3 Rb5 28. Qc2 Ra5 29. Kb1 Nf6 30. Ne5 Rd5 31. Nd3 Rd7 32. Re5 Rd5 33. Re3 Rd8 34. Qe2 Nd5 35. Re5 b6 36. Qg4 g6 37. Qf3 Rd7 38. Re4 Qd6 39. Ne5 f5 40. Rh4 h5 41. Nxd7 Kxd7 42. g4 Qh2 43. gxf5 exf5 44. Qg3 Qh1+ 45. Kc2 f4 46. Qxg6 Qf3 47. Qf7+ Kd6 48. Qxh5 Qe2+ 49. Kb3 Qf1 50. Qe5+ 1-0

[Event "BRA-ch sf Reg2 86th"]
[Site "Recife"]
[Date "2019.12.21"]
[Round "5"]
[White "Caio, Francisco Ferreira"]
[Black "Picasso Gallego, Nicolas"]
[Result "0-1"]
[WhiteElo "1608"]
[BlackElo "1779"]
[PlyCount "74"]
[EventDate "2019.12.19"]
[EventType "swiss"]
[EventRounds "7"]
[EventCountry "BRA"]
[SourceTitle "CBM 194 Extra"]
[Source "ChessBase"]
[SourceDate "2020.03.31"]
[SourceVersion "1"]
[SourceVersionDate "2020.03.31"]
[SourceQuality "1"]

1. b4 Nf6 2. Bb2 g6 3. g3 Bg7 4. Bg2 0-0 5. Nf3 d6 6. 0-0 e5 7. d3 c6 8. Nbd2 Na6 9. a3 Nc7 10. c4 Re8 11. Qc2 Ne6 12. Rac1 Nd7 13. Ne4 Qe7 14. Nc3 Nd4 15. Qd1 f5 16. e3 Nxf3+ 17. Bxf3 Nf6 18. e4 Be6 19. exf5 gxf5 20. b5 cxb5 21. Nxb5 a6 22. Nc3 Qf7 23. Re1 Red8 24. Qe2 Rab8 25. Rb1 b5 26. cxb5 axb5 27. Ba1 e4 28. dxe4 Bc4 29. Qe3 Re8 30. Qf4 fxe4 31. Nxe4 Nxe4 32. Qxf7+ Bxf7 33. Rxe4 Bg6 34. Rxe8+ Rxe8 35. Rc1 Bh6 36. Bd5+ Kf8 37. Rd1 Re2 0-1

[Event "Joao Pessoa de Assis Memorial 1st"]
[Site "Joao Pessoa"]
[Date "2019.11.16"]
[Round "3"]
[White "Mafra, Giovanna Marques"]
[Black "Caio, Francisco Ferreira"]
[Result "0-1"]
[WhiteElo "1195"]
[BlackElo "1606"]
[PlyCount "118"]
[EventDate "2019.11.15"]
[EventType "swiss"]
[EventRounds "6"]
[EventCountry "BRA"]
[SourceTitle "CBM 193 Extra"]
[Source "ChessBase"]
[SourceDate "2020.01.31"]
[SourceVersion "1"]
[SourceVersionDate "2020.01.31"]
[SourceQuality "1"]

1. Nf3 Nf6 2. g3 g6 3. Bg2 Bg7 4. d3 0-0 5. e4 d5 6. Nbd2 dxe4 7. dxe4 Nc6 8. 0-0 Bg4 9. h3 Bxf3 10. Bxf3 Qd7 11. g4 Rad8 12. Re1 Bh6 13. e5 Ne8 14. Nc4 Qxd1 15. Rxd1 Rxd1+ 16. Bxd1 Bxc1 17. Rxc1 b5 18. Bf3 Nd4 19. Nd2 Ng7 20. c3 Nxf3+ 21. Nxf3 Rd8 22. Nd4 c5 23. Nc6 Rd7 24. b4 Rc7 25. Na5 cxb4 26. c4 bxc4 27. Rxc4 Rxc4 28. Nxc4 Ne6 29. Na5 Nf4 30. Kh2 Nd3 31. Nc6 Kf8 32. Kg3 Nc1 33. Nxb4 a5 34. Nc6 a4 35. a3 Ne2+ 36. Kf3 Nc3 37. Nd8 Nb5 38. Nb7 Nxa3 39. Nc5 Nc4 40. Nxa4 Nxe5+ 41. Ke4 f6 42. f4 Nd7 43. Kd5 Kf7 44. Nc5 Nxc5 45. Kxc5 Ke6 46. Kd4 Kd6 47. Ke4 Ke6 48. f5+ Kd6 49. h4 e5 50. h5 gxh5 51. gxh5 Kc5 52. Ke3 Kb4 53. Ke4 Kc4 54. Ke3 Kd5 55. Kf3 Kd4 56. Kg4 Kd3 57. Kf3 e4+ 58. Kf2 Kd2 59. Kg3 e3 0-1

[Event "Joao Pessoa Fischer Memorial 10th"]
[Site "Joao Pessoa"]
[Date "2019.03.31"]
[Round "5"]
[White "Franca, Jairo Jr"]
[Black "Caio, Francisco Ferreira"]
[Result "1-0"]
[WhiteElo "1832"]
[BlackElo "1648"]
[PlyCount "46"]
[EventDate "2019.03.29"]
[EventType "swiss"]
[EventRounds "6"]
[EventCountry "BRA"]
[SourceTitle "CBM 190 Extra"]
[Source "ChessBase"]
[SourceDate "2019.07.15"]
[SourceVersion "1"]
[SourceVersionDate "2019.07.15"]
[SourceQuality "1"]

1. e4 c6 2. d4 d5 3. e5 Bf5 4. h4 h5 5. Bg5 f6 6. Bf4 fxe5 7. Bxe5 Nd7 8. Nf3 Nxe5 9. Nxe5 Nf6 10. Bd3 Bxd3 11. Qxd3 Rh6 12. Nd2 Qa5 13. 0-0 Ng4 14. Ndf3 Rf6 15. b3 0-0-0 16. a4 Qc7 17. b4 e6 18. b5 c5 19. a5 Qd6 20. Rfc1 c4 21. Qe2 Be7 22. Nxg4 hxg4 23. Ne5 Rf4 1-0

[Event "Joao Pessoa Fischer Memorial 10th"]
[Site "Joao Pessoa"]
[Date "2019.03.30"]
[Round "4"]
[White "Caio, Francisco Ferreira"]
[Black "Medeiros, Victoria Ligia Sant"]
[Result "1-0"]
[WhiteElo "1648"]
[BlackElo "1229"]
[PlyCount "63"]
[EventDate "2019.03.29"]
[EventType "swiss"]
[EventRounds "6"]
[EventCountry "BRA"]
[SourceTitle "CBM 190 Extra"]
[Source "ChessBase"]
[SourceDate "2019.07.15"]
[SourceVersion "1"]
[SourceVersionDate "2019.07.15"]
[SourceQuality "1"]

1. f4 d6 2. Nf3 Nd7 3. e3 e5 4. Bc4 h6 5. 0-0 Ngf6 6. fxe5 Nxe5 7. Nxe5 dxe5 8. b3 Bg4 9. Bxf7+ Kxf7 10. Qxg4 Ke8 11. Qg6+ Ke7 12. Ba3+ Kd7 13. Qf5+ Ke8 14. Qxe5+ Kf7 15. Bb2 Bd6 16. Qd5+ Ke8 17. Qxb7 Rg8 18. Qc6+ Kf7 19. Nc3 Kg6 20. Qf3 Rf8 21. Qf5+ Kf7 22. Nd5 Be7 23. Nxe7 Qxe7 24. Qd5+ Qe6 25. Qxe6+ Kxe6 26. Bxf6 Rxf6 27. Rxf6+ Kxf6 28. Rf1+ Ke7 29. Rf4 g5 30. Rf5 Ke6 31. e4 Rd8 32. d3 1-0

[Event "Recife Arraes Memorial 10th"]
[Site "Recife"]
[Date "2017.10.07"]
[Round "3"]
[White "Caio, Francisco Ferreira"]
[Black "Cunha, Jose Manoel Vercosa"]
[Result "1-0"]
[WhiteElo "1649"]
[BlackElo "1545"]
[PlyCount "93"]
[EventDate "2017.10.06"]
[EventType "swiss"]
[EventRounds "6"]
[EventCountry "BRA"]
[SourceTitle "CBM 181 Extra"]
[Source "ChessBase"]
[SourceDate "2017.12.12"]
[SourceVersion "1"]
[SourceVersionDate "2017.12.12"]
[SourceQuality "1"]

1. c4 c5 2. Nc3 Nc6 3. Nf3 d6 4. g3 Nf6 5. Bg2 e6 6. 0-0 Be7 7. d4 0-0 8. d5 exd5 9. cxd5 Nb4 10. a3 Na6 11. e4 Bg4 12. h3 Bxf3 13. Bxf3 h6 14. Be2 Nc7 15. f4 Nh7 16. Bf3 Bf6 17. Re1 Re8 18. Kg2 Rb8 19. Qc2 Nf8 20. Bd2 a6 21. Re2 b5 22. Rae1 Nd7 23. Nd1 Bd4 24. Ne3 Nb6 25. Nf5 Nc4 26. Nxd4 cxd4 27. Bc1 f6 28. Qd3 Ne3+ 29. Kh2 Nc4 30. b3 Nb6 31. Bb2 Nd7 32. Bxd4 a5 33. Rc2 b4 34. a4 Re7 35. Rec1 Ne8 36. Rc6 Nc5 37. Bxc5 dxc5 38. R1xc5 Rc7 39. Rxc7 Nxc7 40. Rxa5 Ne6 41. Rb5 Rxb5 42. Qxb5 Nd4 43. Qd3 Qb6 44. Bg2 Qc5 45. Bf1 Nxb3 46. Qxb3 Qf2+ 47. Bg2 1-0

[Event "Pernambuco-ch"]
[Site "Olinda"]
[Date "2017.01.??"]
[Round "1"]
[White "Picasso Gallego, Nicolas"]
[Black "Caio, Francisco Ferreira"]
[Result "1/2-1/2"]
[WhiteElo "1879"]
[BlackElo "1666"]
[PlyCount "57"]
[EventDate "2017.01.13"]
[EventType "tourn"]
[EventRounds "9"]
[EventCountry "BRA"]
[SourceTitle "EXT 2022"]
[Source "ChessBase"]
[SourceDate "2021.10.06"]
[SourceVersion "1"]
[SourceVersionDate "2021.10.06"]
[SourceQuality "1"]

1. d4 d5 2. c4 c6 3. cxd5 cxd5 4. Nc3 e6 5. Nf3 Bd6 6. Bg5 f6 7. Bd2 Nc6 8. e3 Nge7 9. Be2 0-0 10. 0-0 a6 11. a3 b5 12. e4 dxe4 13. Nxe4 Nd5 14. Nxd6 Qxd6 15. Qb3 Bd7 16. Rad1 Rfd8 17. Rfe1 Be8 18. Bf1 Bf7 19. g3 Ra7 20. Bg2 Rad7 21. Qc2 Bg6 22. Qc5 Qxc5 23. dxc5 e5 24. Nh4 Nde7 25. Nxg6 hxg6 26. Re2 Nd4 27. Re3 Ndf5 28. Re2 Nd4 29. Re3 1/2-1/2

[Event "Joao Pessoa Fischer Memorial 7th"]
[Site "Joao Pessoa"]
[Date "2016.03.11"]
[Round "1"]
[White "Rocha, Vitor Firmo de Souz"]
[Black "Caio, Francisco Ferreira"]
[Result "1-0"]
[WhiteElo "2119"]
[BlackElo "1701"]
[PlyCount "85"]
[EventDate "2016.03.11"]
[EventType "swiss"]
[EventRounds "6"]
[EventCountry "BRA"]
[SourceTitle "CBM 171 Extra"]
[Source "ChessBase"]
[SourceDate "2016.04.26"]
[SourceVersion "1"]
[SourceVersionDate "2016.04.26"]
[SourceQuality "1"]

1. e4 e5 2. Nf3 Nc6 3. Bb5 Nf6 4. 0-0 d6 5. Re1 a6 6. Bf1 Bg4 7. h3 Bh5 8. c3 Bg6 9. d3 Be7 10. Nbd2 Nd7 11. d4 0-0 12. g4 b5 13. d5 Na7 14. a4 c6 15. axb5 cxb5 16. Rxa6 Nc5 17. Ra1 Qd7 18. b4 Na4 19. Qb3 Nb6 20. c4 bxc4 21. Nxc4 Nxc4 22. Bxc4 h5 23. Nh2 hxg4 24. hxg4 Nb5 25. Rxa8 Rxa8 26. Qd3 Nc7 27. Bd2 Rb8 28. Ra1 Rb7 29. f3 Bd8 30. Kg2 Nb5 31. Bxb5 Rxb5 32. Ra8 Rb7 33. Nf1 Kf8 34. Ne3 Ke7 35. Ra6 Rb6 36. Rxb6 Bxb6 37. Nc4 Bc7 38. Be3 Qa4 39. Qc3 Qd1 40. Nxe5 dxe5 41. Qxc7+ Ke8 42. Qc8+ Ke7 43. Bc5+ 1-0

[Event "Recife Arraes Memorial 8th"]
[Site "Recife"]
[Date "2015.05.01"]
[Round "1"]
[White "Souza, Rafael Cabral de"]
[Black "Caio, Francisco Ferreira"]
[Result "1-0"]
[WhiteElo "2155"]
[BlackElo "1706"]
[PlyCount "43"]
[EventDate "2015.05.01"]
[EventType "swiss"]
[EventRounds "6"]
[EventCountry "BRA"]
[SourceTitle "EXT 2016"]
[Source "ChessBase"]
[SourceDate "2015.10.08"]
[SourceVersion "1"]
[SourceVersionDate "2015.10.08"]
[SourceQuality "1"]

1. e4 e5 2. Nf3 Nc6 3. Bb5 Nf6 4. d3 d6 5. 0-0 a6 6. Ba4 b5 7. Bb3 Na5 8. Re1 Nxb3 9. axb3 Bb7 10. Nbd2 Be7 11. Nf1 0-0 12. Ng3 Re8 13. Nf5 Bf8 14. c4 h6 15. h3 Kh7 16. g4 g6 17. Ng3 Ng8 18. Kg2 Qd7 19. h4 Bc8 20. Nh2 Qe7 21. h5 g5 22. cxb5 1-0

[Event "Recife Regiao op"]
[Site "Recife"]
[Date "2014.11.02"]
[Round "7"]
[White "Almeida, Carlos Bruno Gomes"]
[Black "Caio, Francisco Ferreira"]
[Result "1/2-1/2"]
[WhiteElo "1905"]
[BlackElo "1702"]
[PlyCount "67"]
[EventDate "2014.10.30"]
[EventType "swiss"]
[EventRounds "7"]
[EventCountry "BRA"]
[SourceTitle "EXT 2015"]
[Source "ChessBase"]
[SourceDate "2014.11.20"]
[SourceVersion "1"]
[SourceVersionDate "2014.11.20"]
[SourceQuality "1"]

1. d4 Nf6 2. c4 e6 3. Nc3 Bb4 4. a3 Bxc3+ 5. bxc3 b6 6. Bg5 h6 7. Bh4 Bb7 8. Nf3 g5 9. Bg3 d6 10. e3 Ne4 11. Qc2 Nd7 12. Nd2 f5 13. f3 Nxd2 14. Qxd2 Qe7 15. Bf2 Nf6 16. Be2 0-0 17. h3 e5 18. 0-0 e4 19. f4 Rae8 20. g3 g4 21. h4 c5 22. Rfb1 Nd7 23. a4 a5 24. Ra3 Ba6 25. Rab3 Qf7 26. Rxb6 Nxb6 27. Rxb6 Bxc4 28. Rxd6 Bxe2 29. Qxe2 Re6 30. dxc5 Rxd6 31. cxd6 Qd5 32. Qa6 Qd1+ 33. Kg2 Qf3+ 34. Kg1 1/2-1/2

[Event "Recife Regiao op"]
[Site "Recife"]
[Date "2014.11.01"]
[Round "6"]
[White "Caio, Francisco Ferreira"]
[Black "Vital, Pablo Manoel Santan"]
[Result "1/2-1/2"]
[WhiteElo "1702"]
[BlackElo "1683"]
[PlyCount "57"]
[EventDate "2014.10.30"]
[EventType "swiss"]
[EventRounds "7"]
[EventCountry "BRA"]
[SourceTitle "EXT 2015"]
[Source "ChessBase"]
[SourceDate "2014.11.20"]
[SourceVersion "1"]
[SourceVersionDate "2014.11.20"]
[SourceQuality "1"]

1. e4 c6 2. d4 d5 3. Nc3 dxe4 4. Nxe4 Bf5 5. Ng3 Bg6 6. Nf3 Nf6 7. Ne5 Nbd7 8. Nxg6 hxg6 9. Bc4 Nb6 10. Bb3 Qc7 11. h3 e6 12. a4 Bd6 13. Ne2 0-0-0 14. c4 Bb4+ 15. Bd2 Bxd2+ 16. Qxd2 Ne4 17. Qe3 f5 18. a5 Nd7 19. Nf4 Nf8 20. a6 g5 21. axb7+ Qxb7 22. Ne2 Qb4+ 23. Kd1 Nxf2+ 24. Kc2 Nxh1 25. Rxa7 Qe1 26. Ra8+ Kd7 27. Ra7+ Kc8 28. Ra8+ Kd7 29. Ra7+ 1/2-1/2

[Event "Recife Regiao op"]
[Site "Recife"]
[Date "2014.11.01"]
[Round "5"]
[White "Lopes, Janio Ribeiro"]
[Black "Caio, Francisco Ferreira"]
[Result "1-0"]
[WhiteElo "2010"]
[BlackElo "1702"]
[PlyCount "91"]
[EventDate "2014.10.30"]
[EventType "swiss"]
[EventRounds "7"]
[EventCountry "BRA"]
[SourceTitle "EXT 2015"]
[Source "ChessBase"]
[SourceDate "2014.11.20"]
[SourceVersion "1"]
[SourceVersionDate "2014.11.20"]
[SourceQuality "1"]

1. e4 c5 2. Nf3 Nc6 3. d4 cxd4 4. Nxd4 d6 5. Nc3 a6 6. Bc4 Nf6 7. Bg5 e6 8. Qd2 Be7 9. 0-0-0 Nxd4 10. Qxd4 b5 11. Bb3 Bb7 12. Rhe1 0-0 13. f4 Ne8 14. Bxe7 Qxe7 15. e5 d5 16. Re3 g6 17. g4 Ng7 18. Rh3 f5 19. g5 Nh5 20. Ne2 a5 21. a3 a4 22. Ba2 Rac8 23. Ng3 Nxg3 24. Rxg3 Qc5 25. Qxc5 Rxc5 26. Rdd3 Rfc8 27. c3 Kg7 28. h4 Bc6 29. Kd2 Be8 30. Rd4 Bf7 31. Bb1 Rh8 32. Bd3 h5 33. Rb4 Rb8 34. Ke3 Be8 35. Kd4 Rcc8 36. Rg1 Kf7 37. Rb1 Rc7 38. b3 Rbc8 39. bxa4 Rxc3 40. axb5 Rxa3 41. b6 Rcc3 42. Be2 Re3 43. b7 Rxe2 44. b8Q Rd2+ 45. Kc5 Rc2+ 46. Kb6 1-0

[Event "Recife Regiao op"]
[Site "Recife"]
[Date "2014.10.31"]
[Round "4"]
[White "Caio, Francisco Ferreira"]
[Black "Martins, Vinicius Tine"]
[Result "0-1"]
[WhiteElo "1702"]
[BlackElo "2326"]
[PlyCount "50"]
[EventDate "2014.10.30"]
[EventType "swiss"]
[EventRounds "7"]
[EventCountry "BRA"]
[SourceTitle "EXT 2015"]
[Source "ChessBase"]
[SourceDate "2014.11.20"]
[SourceVersion "1"]
[SourceVersionDate "2014.11.20"]
[SourceQuality "1"]

1. e4 c5 2. Nf3 Nc6 3. d4 cxd4 4. Nxd4 g6 5. Nxc6 bxc6 6. Bd3 Bg7 7. 0-0 d6 8. c3 Nf6 9. h3 0-0 10. Qc2 Qa5 11. b4 Qh5 12. Bf4 a5 13. Qd2 axb4 14. cxb4 Ba6 15. Nc3 Bxd3 16. Qxd3 Ra3 17. Bc1 Rxc3 18. Qxc3 Nd7 19. Qxc6 Nb8 20. Qc7 Bxa1 21. Qxe7 Be5 22. b5 Qe2 23. Ba3 Qxb5 24. Bxd6 Re8 25. Qc7 Na6 0-1

[Event "Recife Arraes Memorial 7th"]
[Site "Recife"]
[Date "2014.08.31"]
[Round "6"]
[White "Paiva, Paulo Ricardo Gonca"]
[Black "Caio, Francisco Ferreira"]
[Result "0-1"]
[WhiteElo "1500"]
[BlackElo "1702"]
[PlyCount "58"]
[EventDate "2014.08.29"]
[EventType "swiss"]
[EventRounds "6"]
[EventCountry "BRA"]
[SourceTitle "EXT 2015"]
[Source "ChessBase"]
[SourceDate "2014.11.20"]
[SourceVersion "1"]
[SourceVersionDate "2014.11.20"]
[SourceQuality "1"]

1. d4 d5 2. Nf3 Nf6 3. c4 c6 4. Nc3 e6 5. Bg5 Be7 6. e3 h6 7. Bh4 0-0 8. Bd3 dxc4 9. Bxc4 b5 10. Bd3 a6 11. a3 c5 12. dxc5 Bxc5 13. Ne4 Be7 14. 0-0 Bb7 15. Bxf6 Bxf6 16. Nxf6+ Qxf6 17. Rb1 Rd8 18. Nd4 e5 19. Re1 exd4 20. exd4 Nd7 21. Qe2 Qg5 22. f3 Bd5 23. Rbc1 Rac8 24. Rxc8 Rxc8 25. Bc2 Nf6 26. b4 Be6 27. g3 Qd5 28. Rc1 g6 29. Qd3 Qc4 0-1